000 00794nam a2200277Ia 4500
003 OSt
005 20221006145836.0
006 a|||||r|||| 00| 0
007 ta
008 221006b |||||||| |||| 00| 0 jpn d
020 _c¥7000
024 _a16,094
037 _bGift, Japan Foundation
_cTextual
040 _aEASL
_cEASL
_bjpn
041 _2jpn
_ajpn
082 _aa41,4.M68, L8.1
100 _aNAGOYA DAIGAKU Ed.
_9655369
245 0 _aTakagi Kabunsho Mokuroku
260 _aNagoya
_bNagoya Daigaku Japan
_c1978
300 _a684p.
_ccm.
490 _v V.1RR
650 _aJL
700 _a TAKAGI KABUNSHO Ed.
_9655370
942 _ha41,4.M68, L8.1
_cTEXL
_2CC
999 _c1084180
_d1084180